| 000 | 00630nam a2200217Ia 4500 | ||
|---|---|---|---|
| 005 | 20260429111926.0 | ||
| 008 | 260429s9999||||xx |||||||||||||| ||und|| | ||
| 020 | _a9783031528880 | ||
| 041 | _aEnglish | ||
| 082 |
_a630.2515 _bMAH |
||
| 100 | _aMahdi, Syed Sheraz | ||
| 245 | 0 |
_aClimate change and agriculture in India : _bimpact and application / _cSyed Sheraz Mahdi |
|
| 250 | _a1st ed. | ||
| 260 |
_aSwitzerland : _bSpringer, _c2024. |
||
| 300 | _axxi, 262 p.; hb | ||
| 650 | _a Agriculture-India | ||
| 650 | _a Environmental impact | ||
| 650 | _a Sustainable agriculture | ||
| 650 | _aClimate change | ||
| 942 | _cTB | ||
| 999 |
_c51460 _d51460 |
||